Managing change

Bibliographic Details
Main Author: Carnall, Colin
Format: Book
Published: London : Routledge , 1992
Series:Self-development for managers
Subjects:

MARC

LEADER 00000cam a2200000 7i4500
001 0000001484
002 000001630
005 20000330.0
020 |a 0415044634 
090 0 0 |a 658.406   |b CAR 
100 1 |a Carnall, Colin 
245 1 0 |a Managing change   |c Colin Carnell 
260 |a London :   |b Routledge ,   |c 1992 
300 |a 101p. ;   |c 22cm. 
490 0 |a Self-development for managers 
650 0 0 |a Management science 
650 0 0 |a Organization change 
999 |a 028090   |b BUKU   |c PINJAMAN   |e PERPUSTAKAAN KOMUNITI PETALING JAYA 
999 |a 034027   |b BUKU   |c PINJAMAN   |e PERPUSTAKAAN KOMUNITI PETALING JAYA